Parecon : vida después del capitalismo / (Registro nro. 5768)

Detalles MARC
000 -LEADER
fixed length control field 01112nam a2200289Ia 4500
003 - CONTROL NUMBER IDENTIFIER
control field OSt
005 - DATE AND TIME OF LATEST TRANSACTION
control field 20200612200549.0
008 - FIXED-LENGTH DATA ELEMENTS--GENERAL INFORMATION
fixed length control field 191128s2005 sp gr 000 0dspa d
020 ## - INTERNATIONAL STANDARD BOOK NUMBER
International Standard Book Number 9788446020653
040 ## - CATALOGING SOURCE
Original cataloging agency CO-JMCR
Transcribing agency CO-JMCR
041 1# - LANGUAGE CODE
Language code of text/sound track or separate title spa
Language code of original eng
082 04 - DEWEY DECIMAL CLASSIFICATION NUMBER
Classification number 330.126 /
Item number A412p
Edition number 23
100 1# - MAIN ENTRY--PERSONAL NAME
Personal name Albert, Michael,
Relator term autor
9 (RLIN) 5562
245 10 - TITLE STATEMENT
Title Parecon : vida después del capitalismo /
Statement of responsibility, etc. Michael Albert ; traducción de Ana Varela Maetos
260 ## - PUBLICATION, DISTRIBUTION, ETC.
Place of publication, distribution, etc. Madrid :
Name of publisher, distributor, etc. Akal,
Date of publication, distribution, etc. 2005.
300 ## - PHYSICAL DESCRIPTION
Extent 366 páginas ;
Dimensions 24 cm.
490 0# - SERIES STATEMENT
Series statement Cuestiones de antagonismo ;
Volume/sequential designation 37
504 ## - BIBLIOGRAPHY, ETC. NOTE
Bibliography, etc. note Bibliografía: páginas 365-366.
505 ## - FORMATTED CONTENTS NOTE
Formatted contents note Valores e instituciones -- La visión de la economía participativa -- La vida cotidiana en una economía participativa -- La crítica a la economía participativa
534 ## - ORIGINAL VERSION NOTE
Introductory phrase Parecon. Life after capitalism
546 ## - LANGUAGE NOTE
Language note Traducido del inglés
650 14 - SUBJECT ADDED ENTRY--TOPICAL TERM
Topical term or geographic name entry element Sistemas económicos comparados
9 (RLIN) 5563
650 24 - SUBJECT ADDED ENTRY--TOPICAL TERM
Topical term or geographic name entry element Economía del bienestar
9 (RLIN) 3975
650 24 - SUBJECT ADDED ENTRY--TOPICAL TERM
Topical term or geographic name entry element Capitalismo Política económica
9 (RLIN) 5564
700 1# - ADDED ENTRY--PERSONAL NAME
Personal name Varela Maetos, Ana,
Relator term traductora
9 (RLIN) 5565
942 ## - ADDED ENTRY ELEMENTS (KOHA)
Source of classification or shelving scheme Dewey Decimal Classification
Koha item type Books
Existencias
Withdrawn status Lost status Source of classification or shelving scheme Materials specified (bound volume or other part) Damaged status Not for loan Home library Current library Shelving location Date acquired Source of acquisition Cost, normal purchase price Total Checkouts Full call number Barcode Date last seen Copy number Price effective from Koha item type
    Dewey Decimal Classification Donación--15/04/2018--     Biblioteca Pública José María del Castillo y Rada Biblioteca Pública José María del Castillo y Rada General Stacks 11/28/2019 Donación 0.00   330.126 / A412p 430005082 05/16/2024 Ej.1 11/28/2019 Books